LEADER 01581nas a2200421 i 4500 001 000000240631 003 CaOOAMICUS 005 20150407000000.0 008 150407b1987 it uu u0 0ita r 013 $a219536 040 $aSeMil$bita 245 10$a1983-1987. 260 $aMilano :$b[s.n.],$c1987. 300 $a1 v. ;$c33 cm. 774 0 $t[SENZA TITOLO]. - 15 p..$w()285914 774 0 $t[SENZA TITOLO]. - 15 p..$w()285915 774 0 $t[SENZA TITOLO]. - 15 p..$w()285916 774 0 $t[SENZA TITOLO]. - 15 p..$w()285917 774 0 $t[SENZA TITOLO]. - 15 p..$w()285918 774 0 $t[SENZA TITOLO]. - 15 p..$w()285919 774 0 $t[SENZA TITOLO]. - 15 p..$w()285920 774 0 $t[SENZA TITOLO]. - 15 p..$w()285921 774 0 $t[SENZA TITOLO]. - 11 p..$w()285922 774 0 $t[SENZA TITOLO]. - 19 p..$w()285923 774 0 $t[SENZA TITOLO]. - 15 p..$w()285924 774 0 $t[SENZA TITOLO]. - 15 p..$w()285925 774 0 $t[SENZA TITOLO]. - 19 p..$w()285926 774 0 $t[SENZA TITOLO]. - 15 p..$w()285927 774 0 $t[SENZA TITOLO]. - 15 p..$w()285928 774 0 $t[SENZA TITOLO]. - 15 p..$w()285929 774 0 $t[SENZA TITOLO]. - 15 p..$w()285930 774 0 $t[SENZA TITOLO]. - 19 p..$w()285931 774 0 $t[SENZA TITOLO]. - 15 p..$w()285932 774 0 $t[SENZA TITOLO]. - 15 p..$w()285933 850 $aSeMil 852 $aSeMil$W1$xVenegono$y1$m44 8 21$j190977$B190977$CSeMilBibl$Z2$F201818 $85 996 $6245$a1983-1987$9(OLS)http://semarc/title/342197 996 $6260$aMilano :$b[s.n.]$9(OLS)http://semarc/publisher/29709 LEADER 01474nam a2200241 i 4500 001 000000224251 003 CaOOAMICUS 005 20260325100233.0 008 131029s1926 it u000 u ita u 040 $aSeMil$bita 245 10$a3: 1. e 2. Esdra ; Tobia ; Giuditta ; Ester ; Giobbe ; Il libro dei Salmi. 300 $a2 pt. (394, 375 p.), [2] c. geogr. 650 4$aBibbia. Antico Testamento. Salmi - Commentari, studi, critica, interpretazioni.$0(OLS)http://semarc/subject/289 650 4$aBibbia. Antico Testamento. Giobbe - Commentari, studi, critica, interpretazioni.$0(OLS)http://semarc/subject/182 650 4$aBibbia. Antico Testamento. Esdra - Commentari, studi, critica, interpretazioni.$0(OLS)http://semarc/subject/8798 650 4$aBibbia. Antico Testamento. Ester - Commentari, studi, critica, interpretazioni.$0(OLS)http://semarc/subject/13547 650 4$aBibbia. Antico Testamento. Giuditta - Commentari, studi, critica, interpretazioni.$0(OLS)http://semarc/subject/20016 650 4$aBibbia. Antico Testamento. Tobia - Commentari, studi, critica, interpretazioni.$0(OLS)http://semarc/subject/5109 773 0 $aSales, Marco M. $tVecchio Testamento.$g3$w()9805 850 $aSeMil 852 $aSeMil$W1$xVenegono$y1$m2VV VII 27$j268966$B174597$CSeMilBibl$Z2$F184675 $81 996 $6245$a3: 1. e 2. Esdra ; Tobia ; Giuditta ; Ester ; Giobbe ; Il libro dei Salmi$9(OLS)http://semarc/title/198143